000 00675nam a22001937a 4500
005 20240603172407.0
010 _aHIN-127315
020 _a9789357417037
_c200.00
035 _aHN-99661
037 _bDBAD
082 _a821
100 _aप्रीति
_967257
245 _aथोड़ी नादान, थोड़ी चालाक:
_bमेरी कलम/
_cप्रीति
250 _a1
260 _aदिल्ली
_bBluerose Publishers
_c2023
270 _k918882898898
_k4407342408967
_minfo@bluerosepublishers.com
300 _a91पृ.
_c20 सेमी (अजिल्द)
942 _2ddc
_cHN
_h821
_mप्रीति
999 _c202074
_d202074